1552 1544 1351 1801 1429 1963 1315 1933 1098 1469 1228 1928 1974 1385 1338 1431 1023 1950 1417 1441 1304 1265 1442 1745 1551 1441 1062 1045 1463 1338 1622 1691 1745 1021 1390 1007 1866 1314 1471 1848 1271 1800 1657 1371 1275 1922 1478 1544 1252 1385 1028 1336 1665 1201 1709 1156 1337 1315 1802 1114 1394 1976 1649 1096 1085 1544 1873 1007 1530 1673 1257 1220 1786 1590 1220 1665 1741 1488 1160 1291 1064 1359 1715 1475 1574 1484 1978 1427 1238 1351 1722 1074 1658 1853 1146 1063 1979 1148 1788 BCNSPRNW ULIB Ver.6.0+V

เปลี่ยนเป็นภาษาไทย

Change to English
 แสดงรายละเอียดบรรณานุกรม
  กลับหน้าหลัก

Brief Record : Get Marc (ISO 2709) : E-mail record : QR code < ปิดหน้าต่าง
LEADER : 00000nam 2200000uu 4500
001    13399124582
003     ULIB
008    151011s2553||||th 000 0 tha d
020    9786167052199
090    ^aนว.^bร388ฮ ล.1
100    ^aรัศมีจันทร์
245    ^aไฮโซติดเกาะ ตอน เปลวแดดกลางฤดูร้อน เล่ม 1/^cรัศมีจันทร์
250    ^aพิมพ์ครั้งที่ 1
260    ^aกรุงเทพฯ :^bณ บ้านวรรณกรรม,^c2553
300    ^a376 หน้า
710 1  ^aณ บ้านวรรณกรรม
945    ^p240^l0^i026742
999    ^aเกษร โพธิ์สุวรรณ
รายการนี้ยังไม่มีแท็ก
คุณยังไม่ได้ล็อกอิน คุณสามารถมีกิจกรรมร่วมกับเว็บไซต์ได้ แต่ต้องล็อกอินก่อน ::
  ล็อกอิน

รายการสื่อสารสนเทศ

ลำดับที่ ประเภท เลขเรียก/บาร์โค้ด สถานที่ สถานะ
1. นวนิยาย
นวนิยาย
นว. ร388ฮ ล.1 ฉ.1 
  Barcode: 026742
ห้องสมุดวิทยาเขตนครสวรรค์
►นวนิยาย:l:Fiction
บนชั้น

รายการใกล้เคียง
    ผู้แต่ง [รัศมีจันทร์]

BibComment


ยังไม่เคยถูกคอมเมนท์

คอมเมนท์ทรัพยากรรายการนี้
  คอมเมนท์: ไฮโซติดเกาะ ตอน ..


 Copyright 2026. Bcnsprnw @Library